| 000 | 00346nam a22001457a 4500 | ||
|---|---|---|---|
| 999 |
_c7945 _d7945 |
||
| 003 | OSt | ||
| 005 | 20200609173003.0 | ||
| 008 | 200609b ||||| |||| 00| 0 eng d | ||
| 020 | _a9781138776548 | ||
| 082 |
_a307.121 _bBAN |
||
| 100 | _a Banerjee, Tridib | ||
| 245 | _aCompanion to Urban design | ||
| 260 |
_aLondon _bRoutledge _c2014 |
||
| 942 | _2ddc | ||